| 000 | 00539nam a2200181Ia 4500 | ||
|---|---|---|---|
| 001 | 64642 | ||
| 008 | 210421n2019 ii |||gr||||Z||||||465 | ||
| 082 | _a895 | ||
| 100 |
_aBasumatary, Satish Chandra, _eEditor. |
||
| 245 | 0 |
_aBibar _ba collection of quaterly magazine 1924-1925 _hTextual Documents |
|
| 260 |
_aAssam _bBodo Publication Board _c2019 |
||
| 300 |
_a335 p.: _c15 cm. |
||
| 653 | _aLiteratures of East & Southeast Asia | ||
| 653 | _aMagazine | ||
| 653 | _aBodo | ||
| 700 |
_aBasumatary, Phukan Ch., _eEditor. |
||
| 942 |
_2ddc _cBK |
||
| 999 |
_c65742 _d65742 |
||